<?xml version="1.0" encoding="UTF-8"?><?xml-stylesheet type="text/xsl" href="static/style.xsl"?><OAI-PMH xmlns="http://www.openarchives.org/OAI/2.0/" xmlns:xsi="http://www.w3.org/2001/XMLSchema-instance" xsi:schemaLocation="http://www.openarchives.org/OAI/2.0/ http://www.openarchives.org/OAI/2.0/OAI-PMH.xsd"><responseDate>2026-04-13T02:33:12Z</responseDate><request verb="GetRecord" identifier="oai:www.recercat.cat:10256/20460" metadataPrefix="marc">https://recercat.cat/oai/request</request><GetRecord><record><header><identifier>oai:recercat.cat:10256/20460</identifier><datestamp>2024-06-18T12:06:47Z</datestamp><setSpec>com_2072_452955</setSpec><setSpec>com_2072_2054</setSpec><setSpec>col_2072_453062</setSpec></header><metadata><record xmlns="http://www.loc.gov/MARC21/slim" xmlns:dcterms="http://purl.org/dc/terms/" xmlns:xsi="http://www.w3.org/2001/XMLSchema-instance" xmlns:doc="http://www.lyncode.com/xoai" xsi:schemaLocation="http://www.loc.gov/MARC21/slim http://www.loc.gov/standards/marcxml/schema/MARC21slim.xsd">
   <leader>00925njm 22002777a 4500</leader>
   <datafield ind2=" " ind1=" " tag="042">
      <subfield code="a">dc</subfield>
   </datafield>
   <datafield ind2=" " ind1=" " tag="720">
      <subfield code="a">Gispert i Negrell, Maria Assumpta</subfield>
      <subfield code="e">author</subfield>
   </datafield>
   <datafield ind2=" " ind1=" " tag="720">
      <subfield code="a">Kuliush, Tetiana</subfield>
      <subfield code="e">author</subfield>
   </datafield>
   <datafield ind2=" " ind1=" " tag="720">
      <subfield code="a">Dyachenko, Lina</subfield>
      <subfield code="e">author</subfield>
   </datafield>
   <datafield ind2=" " ind1=" " tag="720">
      <subfield code="a">Kharytonov, Mykola M.</subfield>
      <subfield code="e">author</subfield>
   </datafield>
   <datafield ind2=" " ind1=" " tag="720">
      <subfield code="a">Emran Khaled Abd El Aziz, Mohamed</subfield>
      <subfield code="e">author</subfield>
   </datafield>
   <datafield ind2=" " ind1=" " tag="720">
      <subfield code="a">Verdaguer Murlà, Dolors</subfield>
      <subfield code="e">author</subfield>
   </datafield>
   <datafield ind2=" " ind1=" " tag="720">
      <subfield code="a">Llorens i Guasch, Laura</subfield>
      <subfield code="e">author</subfield>
   </datafield>
   <datafield ind2=" " ind1=" " tag="720">
      <subfield code="a">Carrasco Barea, Lorena</subfield>
      <subfield code="e">author</subfield>
   </datafield>
   <datafield ind2=" " ind1=" " tag="260">
      <subfield code="c">2021-05-05</subfield>
   </datafield>
   <datafield ind2=" " ind1=" " tag="520">
      <subfield code="a">The work was conducted at La Pletera salt marsh (NE Spain) to investigate the potential for atmospheric carbon capture of perennial Sarcocornia fruticosa (L.) Scott and annual Salicornia patula Duval Jouve and subsequent carbon integration and storage into S. fruticosa and S. patula soils respectively, at 0–5 and 5–20 cm depth. S. fruticosa amounts of aboveground (aC), belowground (bC) and litter (lC) carbon were 2300%, 350% and 3000% higher than S. patula according to the respective plant, root and litter biomass. This dramatic difference was reflected in soil organic carbon (SOC) values, much higher in S. fruticosa soil at 0–5 cm depth with 17.07 ± 5.83 g kg−1 than S. patula soil with 5.89 ± 1.68 g kg−1, namely 189% increase. Similarly, SOC increased by 109% in S. fruticosa soil at 5–20 cm depth. This perennial species can accumulate great amount of decaying debris at surface, which would gradually decompose by microbial activity to increase the soil organic carbon stock. Furthermore, the organic carbon incorporated is of better quality because contains higher fractions of glomalin, a stable organic compound known for its important role in soil aggregate stability. In fact, glomalin related soil protein (GRSP) was 292% and 182% higher in S. fruticosa than S. patula at the two depths respectively. By contrast, the low amount and nature of decaying debris produced in S. patula are easily mineralized and lesser organic carbon is consequently incorporated into soil. Lower SOC and GRSP affected the soil aggregate stability (WSA) in the 0.25–2 mm and 2–5.6 mm aggregate fractions, considerably more detachable in S. patula soil. Moreover, this soil exhibited the highest mineralization coefficient (Qm) at both depths, 125% and 175% higher than S. fruticosa soil respectively, and a major sensitivity to carbon loss. The PCA further highlighted the ability of S. fruticosa habitat to act as a carbon sink. Results may be valuable for salt marsh vegetation management addressed to mitigate climate change and increase ecosystem services</subfield>
   </datafield>
   <datafield ind2=" " ind1=" " tag="520">
      <subfield code="a">Authors acknowledge the European Project LIFE 13 NAT/ES/001001 enabling the realization of this research work</subfield>
   </datafield>
   <datafield ind2=" " ind1=" " tag="520">
      <subfield code="a">Open Access funding provided thanks to the CRUE-CSIC agreement with Elsevier</subfield>
   </datafield>
   <datafield ind1="8" ind2=" " tag="024">
      <subfield code="a">http://hdl.handle.net/10256/20460</subfield>
   </datafield>
   <datafield tag="653" ind2=" " ind1=" ">
      <subfield code="a">Edafologia -- Catalunya - Baix Empordà</subfield>
   </datafield>
   <datafield tag="653" ind2=" " ind1=" ">
      <subfield code="a">Soil science -- Catalonia -- Baix Empordà</subfield>
   </datafield>
   <datafield tag="653" ind2=" " ind1=" ">
      <subfield code="a">Cicle del carboni</subfield>
   </datafield>
   <datafield tag="653" ind2=" " ind1=" ">
      <subfield code="a">Carbon cycle (Biogeochemistry)</subfield>
   </datafield>
   <datafield tag="653" ind2=" " ind1=" ">
      <subfield code="a">Conreus i sòls -- Catalunya -- Baix Empordà</subfield>
   </datafield>
   <datafield tag="653" ind2=" " ind1=" ">
      <subfield code="a">Crops and soils -- Catalonia -- Baix Empordà</subfield>
   </datafield>
   <datafield tag="653" ind2=" " ind1=" ">
      <subfield code="a">Sòls -- Anàlisi -- Catalunya -- Baix Empordà</subfield>
   </datafield>
   <datafield tag="653" ind2=" " ind1=" ">
      <subfield code="a">Soils -- Analysis -- Catalonia -- Baix Empordà</subfield>
   </datafield>
   <datafield ind2="0" ind1="0" tag="245">
      <subfield code="a">Appraising soil carbon storage potential under perennial and annual Chenopodiaceae in salt marsh of NE Spain</subfield>
   </datafield>
</record></metadata></record></GetRecord></OAI-PMH>